Gaming Quiz

Random Gaming or Letter Quiz

Gen. 1 Pokémon by ANY Two Letters Quiz Stats

 Plays Quiz Updated Dec 15, 2017

Challenge
Share
Tweet
Embed
Score 0/151 Timer 03:00
13 Plays Today
Pokédex # Pokémon % Correct
004Charmander
98.9%
005Charmeleon
98.9%
025Pikachu
98.8%
006Charizard
98.3%
070Weepinbell
98.3%
001Bulbasaur
98.1%
107Hitmonchan
98.1%
010Caterpie
98%
083Farfetch'd
97.9%
012Butterfree
97.8%
078Rapidash
97.6%
026Raichu
97.5%
011Metapod
97.4%
075Graveler
97.4%
067Machoke
97.4%
068Machamp
97.3%
066Machop
97.3%
009Blastoise
97.1%
113Chansey
97.1%
125Electabuzz
97.1%
008Wartortle
97.1%
149Dragonite
96.9%
140Kabuto
96.8%
105Marowak
96.8%
047Parasect
96.7%
003Venusaur
96.6%
129Magikarp
96.4%
141Kabutops
96.3%
059Arcanine
96.1%
130Gyarados
96.1%
017Pidgeotto
95.9%
046Paras
95.6%
136Flareon
95.6%
147Dratini
95.4%
057Primeape
95.3%
045Vileplume
95.3%
018Pidgeot
95.2%
062Poliwrath
95.2%
088Grimer
95.2%
064Kadabra
95%
002Ivysaur
94.8%
029Nidoran♀
94.8%
032Nidoran♂
94.8%
016Pidgey
94.6%
007Squirtle
94.5%
071Victreebel
94.2%
134Vaporeon
94.2%
038Ninetales
94.1%
015Beedrill
94%
115Kangaskhan
94%
021Spearow
93.8%
Pokédex # Pokémon % Correct
117Seadra
93.7%
049Venomoth
93.7%
139Omastar
93.7%
126Magmar
93.7%
150Mewtwo
93.7%
094Gengar
93.6%
121Starmie
93.5%
144Articuno
93.5%
052Meowth
93.4%
048Venonat
93.4%
020Raticate
93.2%
065Alakazam
93.1%
031Nidoqueen
92.9%
037Vulpix
92.8%
148Dragonair
92.8%
022Fearow
92.7%
060Poliwag
92.6%
036Clefable
92.6%
120Staryu
92.6%
106Hitmonlee
92.5%
030Nidorina
92.5%
033Nidorino
92.4%
013Weedle
92.3%
082Magneton
92%
034Nidoking
91.5%
137Porygon
91.4%
151Mew
91.4%
131Lapras
91.1%
138Omanyte
91%
069Bellsprout
90.9%
122Mr. Mime
90.8%
081Magnemite
90.8%
127Pinsir
90.6%
098Krabby
90.5%
028Sandslash
90.4%
019Rattata
90.2%
063Abra
89.7%
024Arbok
89.6%
077Ponyta
89.5%
023Ekans
89.5%
014Kakuna
89.2%
061Poliwhirl
89%
133Eevee
88.9%
110Weezing
88.8%
074Geodude
88.8%
118Goldeen
88.4%
056Mankey
88.3%
091Cloyster
88.2%
027Sandshrew
87.6%
114Tangela
87.6%
087Dewgong
87.5%
Pokédex # Pokémon % Correct
035Clefairy
86.8%
099Kingler
86.1%
079Slowpoke
86%
085Dodrio
85.7%
101Electrode
85.3%
135Jolteon
85.1%
093Haunter
84.9%
146Moltres
84.7%
053Persian
84.3%
086Seel
84.3%
058Growlithe
84.2%
145Zapdos
83.9%
076Golem
83.4%
119Seaking
83.4%
095Onix
83.2%
092Gastly
82.8%
050Diglett
82.7%
090Shellder
82.5%
042Golbat
81.9%
142Aerodactyl
81.8%
073Tentacruel
81.6%
055Golduck
80.3%
043Oddish
79.9%
072Tentacool
79.6%
096Drowzee
79.2%
084Doduo
78.6%
112Rhydon
78.3%
116Horsea
78.3%
104Cubone
75.9%
051Dugtrio
75.6%
044Gloom
75%
080Slowbro
73.8%
102Exeggcute
72.7%
143Snorlax
72.5%
039Jigglypuff
71.6%
040Wigglytuff
71.1%
041Zubat
71%
054Psyduck
70.1%
109Koffing
69.3%
103Exeggutor
69.1%
108Lickitung
69%
128Tauros
68.4%
100Voltorb
68.2%
111Rhyhorn
68.2%
132Ditto
68%
123Scyther
62.8%
089Muk
62.8%
097Hypno
56.9%
124Jynx
37.7%

You're not logged in!

Compare scores with friends on all Sporcle quizzes.
Join for Free
OR
Log In

You Might Also Like...

Show Comments

Extras

Top Quizzes Today


Score Distribution

Your Account Isn't Verified!

In order to create a playlist on Sporcle, you need to verify the email address you used during registration. Go to your Sporcle Settings to finish the process.

Report this User

Report this user for behavior that violates our Community Guidelines.

Details: